000 00338nam a22001457a 4500
008 210602b ||||| |||| 00| 0 eng d
020 _a9780395969793
041 _aeng
080 _25th
_a510
082 _a510
100 _a38
101 _aMAT
245 _aBeginning Algebra with Applications
_cRichard N. Aufmann
942 _2udc
_cBK
999 _c57916
_d57916